Seventeen oceans : (Record no. 38897)

MARC details
000 -LEADER
fixed length control field 00572nam a22002057a 4500
005 - DATE AND TIME OF LATEST TRANSACTION
control field 20160614125238.0
010 ## - LCCN (DPL NO)
LC control number ENG-97934
020 ## - INTERNATIONAL STANDARD BOOK NUMBER
International Standard Book Number 9788190706155
Terms of availability 425.00
035 ## - SYSTEM CONTROL NUMBER
System control number EN-81467
037 ## - SOURCE OF ACQUISITION
Source of stock number/acquisition DBAD/PUB
082 ## - DEWEY DECIMAL CLASSIFICATION NUMBER
Classification number 881
100 ## - MAIN ENTRY--PERSONAL NAME
Personal name Mitra, Sandip
245 ## - TITLE STATEMENT
Title Seventeen oceans :
Remainder of title poems /
Statement of responsibility, etc by Sandip Mitra
260 ## - PUBLICATION, DISTRIBUTION, ETC. (IMPRINT)
Place of publication, distribution, etc Delhi
Name of publisher, distributor, etc Salasar Imaging Systems
Date of publication, distribution, etc 2010
270 ## - ADDRESS
Address 18/1, Jadavpore East Road Jadavpore
City Kolkata
Postal code 700032
300 ## - PHYSICAL DESCRIPTION
Extent xi, 131p.
Dimensions 22cm (Hb)
650 ## - SUBJECT ADDED ENTRY--TOPICAL TERM
Topical term or geographic name as entry element Poems
650 ## - SUBJECT ADDED ENTRY--TOPICAL TERM
Topical term or geographic name as entry element Literature
942 ## - ADDED ENTRY ELEMENTS (KOHA)
Source of classification or shelving scheme Dewey Decimal Classification
Item type English Books
Classification part 881
Call number suffix MIT
Holdings
Withdrawn status Lost status Not for loan Collection code Home library Current library Date acquired Source of acquisition Cost, normal purchase price Full call number Barcode Copy number Cost, replacement price Koha item type
    Not For Loan Non-fiction D.B.Act.Division Bawana 03/08/2010 DBAD/PUB 425.00 881 MIT EN-81467 1 425.00 English Books

© Delhi Public Library
Hit Counter
free hit counter